Urban farming (Record no. 112550)

MARC details
000 -LEADER
fixed length control field 00868cad a22002295a 4500
001 - CONTROL NUMBER
control field E153489
008 - FIXED-LENGTH DATA ELEMENTS--GENERAL INFORMATION
fixed length control field 110802s2008 xxk f 000 0 eng d
020 1# - INTERNATIONAL STANDARD BOOK NUMBER
International Standard Book Number 9781842194256
035 ## - SYSTEM CONTROL NUMBER
System control number (Sirsi) u153489
041 0# - LANGUAGE CODE
Language code of text/sound track or separate title eng
100 1# - MAIN ENTRY--PERSONAL NAME
Personal name Mkwela, Hawa
245 00 - TITLE STATEMENT
Title Urban farming
Remainder of title a sustainable solution to reduce solid waste problems in Dar Es Salaam, Tanzania
Medium [electronic resource]
260 ## - PUBLICATION, DISTRIBUTION, ETC.
Place of publication, distribution, etc. London
Name of publisher, distributor, etc. RICS
Date of publication, distribution, etc. 2008
490 #0 - SERIES STATEMENT
Series statement RICS Findings in Built and Rural Environments
520 ## - SUMMARY, ETC.
Summary, etc. Looks at the potential for organic solid waste to be composted and used in urban farming.
521 ## - TARGET AUDIENCE NOTE
Target audience note Advanced
651 #4 - SUBJECT ADDED ENTRY--GEOGRAPHIC NAME
Geographic name Tanzania
690 ## - LOCAL SUBJECT ADDED ENTRY--TOPICAL TERM (OCLC, RLIN)
Topical term or geographic name as entry element ENVIRONMENTAL AND LAND CONSULTANCY-WASTE MANAGEMENT
700 1# - ADDED ENTRY--PERSONAL NAME
Personal name Banyani, Maulidi
856 40 - ELECTRONIC LOCATION AND ACCESS
Uniform Resource Identifier <a href="https://www.rics.org/site/download_feed.aspx?fileID=6188&fileExtension=PDF">https://www.rics.org/site/download_feed.aspx?fileID=6188&fileExtension=PDF</a>
Public note Broken link - not available
942 ## - ADDED ENTRY ELEMENTS (KOHA)
Suppress in OPAC 0
Holdings
Withdrawn status Lost status Source of classification or shelving scheme Damaged status Not for loan Home library Current library Shelving location Date acquired Total Checkouts Full call number Barcode Date last seen Copy number Price effective from Koha item type
    Dewey Decimal Classification     Virtual Virtual Online 02/08/2011   ONLINE PUBLICATION 153489-1001 06/08/2019 1 06/08/2019 Book